| 000 | 00744cam a2200241 a 4500 | ||
|---|---|---|---|
| 999 |
_c6124 _d6124 |
||
| 001 | 1960 | ||
| 003 | BD-DhUAP | ||
| 005 | 20201224153539.0 | ||
| 008 | 201224s1998 maua b 001 0 eng | ||
| 020 | _a0072287004 | ||
| 040 |
_aDLC _cDLC _dBD-DhUAP _beng |
||
| 082 | 0 | 0 |
_a658.1511 EDM _223 |
| 100 | _aEdmonds, Thomas P. | ||
| 245 |
_aFundamental managerial accounting concepts : _bfall 1998 / _cThomas P. Edmonds, Cindy D. Edmonds and Bor-Yi Tsay. |
||
| 250 | _aPreliminary edition. | ||
| 260 |
_aBoston : _bIrwin/McGraw-Hill, _cc1998. |
||
| 300 |
_axii, 524 pages : _billustrations ; _c28 cm. |
||
| 500 | _aIncludes index. | ||
| 650 | _aManagerial accounting. | ||
| 700 | _aEdmonds, Cindy D. | ||
| 700 | _aTsay, Bor-Yi. | ||
| 942 |
_2ddc _cBK |
||